Statistics for 2021-22 NCAA Football Bowl Games

Click here to take the quiz!

General Stats

  • This quiz has been taken 163 times
  • The average score is 26 of 44

Answer Stats

DateTeamsLocationBowl Game% Correct
1/1Ohio State vs. UtahPasadena, CARose Bowl
92%
12/31Michigan vs. GeorgiaMiami Gardens, FLOrange Bowl
87%
12/31Alabama vs. CincinnatiArlington, TXCotton Bowl Classic
83%
1/1Baylor vs. Ole MissNew Orleans, LASugar Bowl
83%
12/30Michigan State vs. PittsburghAtlanta, GAPeach Bowl
80%
1/1Notre Dame vs. Oklahoma StateGlendale, AZFiesta Bowl
78%
12/17Middle Tennessee vs. ToledoNassau, BahamasBahamas Bowl
74%
12/29Oregon vs. OklahomaSan Antonio, TXAlamo Bowl
70%
12/30Tennessee vs. PurdueNashville, TNMusic City Bowl
69%
12/29Virginia Tech vs. MarylandNew York, NYPinstripe Bowl
67%
12/29Clemson vs. Iowa StateOrlando, FLCheez-It Bowl
66%
12/24Memphis vs. HawaiiHonolulu, HIHawai'i Bowl
66%
12/18Oregon State vs. Utah StateInglewood, CALA Bowl
64%
12/31Wake Forest vs. RutgersJacksonville, FLGator Bowl
63%
12/31Washington State vs. Central MichiganEl Paso, TXSun Bowl
63%
12/30Wisconsin vs. Arizona StateLas Vegas, NVLas Vegas Bowl
62%
12/18Appalachian State vs. Western KentuckyBoca Raton, FLBoca Raton Bowl
61%
1/1Iowa vs. KentuckyOrlando, FLCitrus Bowl
61%
12/28Houston vs. AuburnBirmingham, ALBirmingham Bowl
59%
1/10Alabama vs. GeorgiaIndianapolis, INCollege Football Playoff National Championship Game
59%
12/28Texas Tech vs. Mississippi StateMemphis, TNLiberty Bowl
59%
1/1Arkansas vs. Penn StateTampa, FLOutback Bowl
59%
12/30North Carolina vs. South CarolinaCharlotte, NCDuke's Mayo Bowl
58%
1/4Kansas State vs. LSUHouston, TXTexas Bowl
57%
12/22Missouri vs. ArmyFort Worth, TXArmed Forces Bowl
56%
12/21Kent State vs. WyomingBoise, IDFamous Idaho Potato Bowl
56%
12/18Fresno State vs. UTEPAlbuquerque, NMNew Mexico Bowl
56%
12/31Central Michigan vs. Boise StateTucson, AZArizona Bowl
53%
12/29Virginia vs. SMUBoston, MAFenway Bowl
53%
12/28North Carolina State vs. UCLASan Diego, CAHoliday Bowl
53%
12/21San Diego State vs. UTSAFrisco, TXFrisco Bowl
52%
12/23Miami (Ohio) vs. North TexasFrisco, TXFrisco Football Classic
52%
12/18Louisiana vs. MarshallNew Orleans, LANew Orleans Bowl
52%
12/18BYU vs. UABShreveport, LAIndependence Bowl
49%
12/18South Carolina State vs. Jackson StateAtlanta, GACelebration Bowl
47%
12/27East Carolina vs. Boston CollegeAnnapolis, MDMilitary Bowl
47%
12/20Tulsa vs. Old DominionConway, SCMyrtle Beach Bowl
47%
12/17Northern Illinois vs. Coastal CarolinaOrlando, FLCure Bowl
45%
12/27Western Michigan vs. NevadaDetroit, MIQuick Lane Bowl
40%
12/23Florida vs. UCFTampa, FLGasparilla Bowl
39%
12/28Air Force vs. LouisvilleDallas, TXFirst Responder Bowl
36%
12/28Minnesota vs. West VirginiaPhoenix, AZGuaranteed Rate Bowl
33%
12/25Ball State vs. Georgia StateMontgomery, ALCamellia Bowl
30%
12/18Eastern Michigan vs. LibertyMobile, ALLendingTree Bowl
27%

Score Distribution

Percentile by Number Answered

Percent of People with Each Score

Your Score History

You have not taken this quiz